000
00354nam a2200133Ia 4500
008
151001s9999||||xx |||||||||||||| ||und||
100
_a
नरेंद्र जाधव
245
_a
आमचा बाप आन आम्ही
250
_a
1
260
_b
ग्रंथाली
260
_c
1993
300
_a
190
365
_b
21
999
_c
982403
_d
982400